000 00551nam a2200157 4500
001 138048
003 ES-MaACL
007 t|
008 070214s1946 sp r ||||1| spa d
100 1 _aSánchez-Marín, Faustino G.
_9102753
245 1 0 _aDoctrina de Trento
_b: imagen del hombre según nuestros teólogos /
_cF. G. Sánchez-Marín, V. Gutiérrez Durán.
_n, . I,
_pDimensión natural.
260 _aMadrid :
_bEd. nacional,
_c1946.
300 _a250 p. ;
_c22 cm.
700 1 _aGutiérrez Durán, V.
_961143
852 _aES-MaACL
_jE-1897
_bR.22761
999 _c138048
_d138048